000 00703nam a2200217Ia 4500
001 3102
003 GE_BSU
008 181216s||||||||xx |||||||||||||| ||und||
040 _cGE_BSU
080 _a621.359
100 _aУжов,В.Н.
245 _aОчистка промышленных газов электрофильтрами.
245 _cРед. Н.С.Ратманский, А.А.Вексер.
250 _aИзд второе, перераб. и дополненное.
260 _aМ.
260 _bХимия.
260 _c1967.
300 _a344 стр. 22 см.
653 _aОчистка промышленных газов электрофильтрами.
942 _cBK
999 _c37146
_d37146